Housing statistics for Scotland (Record no. 120796)

MARC details
000 -LEADER
fixed length control field 01065cai a22001815a 4500
001 - CONTROL NUMBER
control field E147573
008 - FIXED-LENGTH DATA ELEMENTS--GENERAL INFORMATION
fixed length control field 090526u xxk g 000 0 eng d
035 ## - SYSTEM CONTROL NUMBER
System control number (Sirsi) u147573
041 0# - LANGUAGE CODE
Language code of text/sound track or separate title eng
110 2# - MAIN ENTRY--CORPORATE NAME
Corporate name or jurisdiction name as entry element Scotland
Subordinate unit Scottish Government
9 (RLIN) 5344
245 00 - TITLE STATEMENT
Title Housing statistics for Scotland
Medium [electronic resource]
520 ## - SUMMARY, ETC.
Summary, etc. Sets out a range of web tables containing statistics relating to housing in Scotland, including new house building; conversions and demolitions; sales of social sector housing; public authority housing stock; housing for older people and those with disabilities; management of local authority housing; houses in multiple occupation; private sector housing improvement and repair grants; rent registration. The tables are updated regularly.
590 ## - LOCAL NOTE (RLIN)
Local note KA
651 #4 - SUBJECT ADDED ENTRY--GEOGRAPHIC NAME
Geographic name Scotland
Chronological subdivision 1999-
690 ## - LOCAL SUBJECT ADDED ENTRY--TOPICAL TERM (OCLC, RLIN)
Topical term or geographic name as entry element PROPERTY-RESIDENTIAL PROPERTY-DOMESTIC RESIDENTIAL PROPERTY-HOUSING
856 40 - ELECTRONIC LOCATION AND ACCESS
Uniform Resource Identifier <a href="https://www.scotland.gov.uk/Topics/Statistics/Browse/Housing-Regeneration/HSfS">https://www.scotland.gov.uk/Topics/Statistics/Browse/Housing-Regeneration/HSfS</a>
Public note View the web page free of charge at www.scotland.gov.uk...
942 ## - ADDED ENTRY ELEMENTS (KOHA)
Suppress in OPAC 0
Holdings
Withdrawn status Lost status Source of classification or shelving scheme Damaged status Not for loan Home library Current library Shelving location Date acquired Total Checkouts Full call number Barcode Date last seen Copy number Price effective from Koha item type
    Dewey Decimal Classification     Virtual Virtual Online 26/05/2009   ONLINE PUBLICATION 147573-2001 06/08/2019 1 06/08/2019 Online material